|
|
|
|
| LEADER |
00000nam0a2200000 4500 |
| 001 |
325995 |
| 005 |
20231102003822.0 |
| 035 |
|
|
|a (RuTPU)RU\TPU\book\351611
|
| 090 |
|
|
|a 325995
|
| 100 |
|
|
|a 20161215d1984 k y0rusy50 ca
|
| 101 |
0 |
|
|a rus
|
| 102 |
|
|
|a RU
|
| 105 |
|
|
|a y p 001zy
|
| 200 |
1 |
|
|a Разработка и исследование технологического процесса изготовления печатных плат аддитивным методом. Разработка технологии металлизации отверстий с одновременным нанесением рисунка схемы на поверхность приаддитивном способе изготовления печатных плат
|e отчет о НИР (промежуточный отчет)
|f Томский политехнический институт (ТПИ) ; руководители Г. Г. Савельев, Б. С. Иругов, В. И. Попок ; отв. исполнители В. Л. Щеринский, Г. В. Ныш, Т. М. Маренков, М. Г. Мико
|
| 210 |
|
|
|a Томск
|c [Б. и.]
|d 1984
|
| 215 |
|
|
|a 26 л.
|c ил.
|
| 320 |
|
|
|a Библиогр.: с. 26 (7 назв.)
|
| 371 |
0 |
|
|a For_staff_use
|
| 606 |
1 |
|
|a Печатные платы
|x Электротехника
|2 stltpush
|3 (RuTPU)RU\TPU\subj\73548
|9 86478
|
| 610 |
1 |
|
|a отверстия
|
| 610 |
1 |
|
|a металлизация
|
| 610 |
1 |
|
|a предварительная подготовка
|
| 610 |
1 |
|
|a активирующие составы
|
| 610 |
1 |
|
|a схемы
|
| 610 |
1 |
|
|a рисунок
|
| 610 |
1 |
|
|a нанесение
|
| 610 |
1 |
|
|a фотохимические процессы
|
| 610 |
1 |
|
|a аддитивные технологии
|
| 610 |
1 |
|
|a толстослойная химическая медь
|
| 610 |
1 |
|
|a наращивание
|
| 610 |
1 |
|
|a новые материалы
|
| 610 |
1 |
|
|a испытание
|
| 610 |
1 |
|
|a отчеты о НИР
|
| 610 |
1 |
|
|a труды учёных ТПУ
|
| 675 |
|
|
|a 621.3.04(04)
|v 4
|
| 702 |
|
1 |
|a Савельев
|b Г. Г.
|c химик
|c профессор Томского политехнического университета
|f 1938-2010
|g Геннадий Гаврилович
|2 stltpush
|3 (RuTPU)RU\TPU\pers\19860
|4 673
|
| 702 |
|
1 |
|a Иругов
|b Б. С.
|4 673
|
| 702 |
|
1 |
|a Попок
|b В. И.
|4 673
|
| 702 |
|
1 |
|a Щеринский
|b В. Л.
|4 677
|
| 702 |
|
1 |
|a Ныш
|b Г. В.
|4 677
|
| 702 |
|
1 |
|a Маренкова
|b Т. М.
|4 677
|
| 702 |
|
1 |
|a Мико
|b М. Г.
|4 677
|
| 712 |
0 |
2 |
|a Томский политехнический институт (ТПИ)
|c (1944-1991)
|2 stltpush
|3 (RuTPU)RU\TPU\col\1123
|
| 801 |
|
1 |
|a RU
|b 63413507
|c 20161215
|
| 801 |
|
2 |
|a RU
|b 63413507
|c 20200110
|g RCR
|
| 942 |
|
|
|c BK
|